| 000 | 01374cam a2200301I 4500 | ||
|---|---|---|---|
| 001 | jarebpow00powe | ||
| 003 | CaSfIA | ||
| 005 | 20210118104310.0 | ||
| 007 | cr|||| | ||
| 008 | 750728s1952 nyua 000 1 eng c | ||
| 010 | _a 52007040 | ||
| 040 |
_aDZM _cDZM _dOCLCQ _dMNF _dAAA _dCaSfIA |
||
| 035 | _a(OCoLC)1484823 | ||
| 050 | 0 | 4 | _aPZ7.P8776 |
| 092 |
_aJ _bP8854j |
||
| 100 | 1 | _aPowell, Miriam. | |
| 245 | 1 | 0 |
_aJareb; _h[electronic resource] _cillustrated by Marc Simont. |
| 260 |
_aNew York, _bCrowell _c[1952] |
||
| 300 |
_a241 p. _billus. _c21 cm. |
||
| 520 | _aFourteen year old Jareb, his dog Sawbuck, and their family live a hard-scrabble existence in rural Georgia. | ||
| 776 | 0 | 8 |
_iOnline version: _aPowell, Miriam. _tJareb. _dNew York, Crowell [1952] _w(OCoLC)609515554 |
| 856 | 4 | 1 |
_uhttp://www.archive.org/details/jarebpow00powe _zFree eBook from the Internet Archive |
| 856 | 4 | 2 |
_uhttp://www.openlibrary.org/books/OL6110748M _zAdditional information and access via Open Library |
| 029 | 1 |
_aAU@ _b000027392231 |
|
| 942 | _cEB | ||
| 506 | _fНеобхідна авторизація на https://archive.org/ (створення облікового запису безкоштовно) | ||
| 506 | _fНеобхідна авторизація на https://openlibrary.org/ (створення облікового запису безкоштовно) | ||
| 999 |
_c513930 _d513930 |
||